Регионална библиотека "Любен Каравелов" - Русе

Петият вагон и други истории (Запис номер 497094)

MARC детайли
000 -Лидер
Лидер 00983nam a2200277 a 4500
003 - Код на организацията, давaща контролен номер
Код на организацията, даваща контролен номер BLK
005 - Дата и час на последна редакция
Дата и час на последна редакция 20250725143751.0
007 - Фиксирано поле за физическо описани
Физическо описание ta
008 - Елементи от данни с фиксирана дължина
Елементи с фиксирана дължина 221104b bu |||||r|||| 00| | bu d
020 ## - Международен стандартен номер на книга ISBN
ISBN 9786191868094
040 ## - Източник на каталожния запис
Код на библиотеката BLK
041 ## - Код за език
Език Български
Език за КДБФ Български
080 ## - УДК
9 (RLIN) 227592
УДК текст Българска литература
УДК код 821.163.2
УДК – определител -32
УДК – код + определител 821.163.2-32
084 ## - Класификационен индекс по друга класификация
Авторски знак Карас - К 36
100 ## - Редна дума - Автор
R(LIN) 365299
Автор Карастоянов, Христо Тодоров
245 ## - Сведения за заглавието
Заглавие Петият вагон и други истории
Подзаглавни данни Малки романи за из път
Авторска отговорност Христо Карастоянов
260 ## - Област на издателските данни
9 (RLIN) 209682
Място на издаване Пловдив
Име на издателя Жанет 45
Година на издаване 2023
300 ## - Физическа характеристика
Брой страници 368 с.
Размер 20 с.
380 ## - Жанр
Жанр Худож. лит.
500 ## - Общи забележки
Обща забележка Биогр. данни за авт. отбелязани на гърба на кор.
852 ## - Местоположение
Сигнатура (форматна) Цб 319994
Отдел Хранилище
856 ## - Електронен адрес и достъп
Инструкция (цена за достъп) 0.00
Права за достъп disable
942 ## - АРТИКУЛИ
Вид на библиотечния документ Книги
Скрит в OPAC Не
Koha issues (borrowed), all copies 3
944 ## - СЪЗДАВАНЕ И РЕДАКЦИЯ на ЗАПИСА
Дата на регистрацията/редакция Моника Янева
Служител, извършил регистрацията/редакцията 30575
Номер на служител Мартин Енчев
999 ## - СИСТЕМНИ КОНТРОЛНИ НОМЕРА
Koha biblionumber 497094
Koha biblioitemnumber 497094
999 ## - СИСТЕМНИ КОНТРОЛНИ НОМЕРА
Koha biblioitemnumber 497094
Наличности
Код за отписване Код за изгубен артикул Източник на класификационната схема Код за повреда Код за отдаване Артикулен № Име на библиотеката - собственик Име на библиотеката, в която се намира в момента Статус (Текущо местоположение) Дата на вписване в системата Местоположение - отдел Цена в лева Инвентарен номер Систематично азбучна сигнатура Баркод Цена в евро Служебен тип на артикула
  Не е изгубен Universal Decimal Classification Не е повреден ползва се в читалня 935598 Регионална библиотека "Любен Каравелов" Русе Регионална библиотека "Любен Каравелов" Русе Хранилище 2023-11-02 Хранилище 22.00 120000894688 Цб 319994 120000894688 11.25 Книги
  Не е изгубен Universal Decimal Classification Не е повреден заемане за дома 958421 Регионална библиотека "Любен Каравелов" Русе Регионална библиотека "Любен Каравелов" Русе Заемна - подръчен фонд 2025-01-16 Заемна - подръчен фонд 15.40 120000916986 821.163.2-32/К 36 Х 120000916986 7.87 Книги
Vip Innovations Ltd, Rousse, Bulgaria 2025